[Movies] World Disaster Movies - Statistics

General Stats
  • This quiz has been taken 24 times
  • The average score is 6 of 9
Answer Stats
Description Answer % Correct
A group of Scientists head into space to break open an asteroid heading towards Earth, threatening all life Armageddon
100%
Like the above Deep Impact
82%
A number of natural disasters predicted by the Mayan Calendar causes the entire planet to be flooded 2012
73%
A rescue helicopter pilot flies to California to rescue his wife and daughter after a major fault line splits the city apart San Andreas
73%
A volcano erupts in the middle of Los Angeles, threatening to destroy the city Volcano
73%
A number of natural disasters, including major snowfall, strike the northern hemisphere, despite warnings from a scientist The Day After Tomorrow
64%
A volcanologist travels to Washington to study a volcano, which erupts onto the the town below Dante's Peak
55%
The satellite controlling all weather on Earth goes wrong, attacking the planet with different weather occurrences Geostorm
41%
A found footage movie, a group of storm chasers attempt to film a tornado Into the Storm
23%
No matching quizzes found
Score Distribution
Percent of People with Each Score
Percentile by Number Answered
Your Score History
You have not taken this quiz